A brief note on tax evasion and tax collection (Record no. 80401)

000 -LEADER
fixed length control field 00412pab a2200169 454500
008 - FIXED-LENGTH DATA ELEMENTS--GENERAL INFORMATION
fixed length control field 180718b2000/2008 xxu||||| |||| 00| 0 eng d
100 ## - MAIN ENTRY--PERSONAL NAME
Personal name Chu, Hong-Yih
245 ## - TITLE STATEMENT
Title A brief note on tax evasion and tax collection
260 ## - PUBLICATION, DISTRIBUTION, ETC.
Date of publication, distribution, etc. 2000/2008
300 ## - PHYSICAL DESCRIPTION
Extent p.82-85.
650 ## - SUBJECT ADDED ENTRY--TOPICAL TERM
Topical term or geographic name entry element Tax evasion
650 ## - SUBJECT ADDED ENTRY--TOPICAL TERM
Topical term or geographic name entry element Income tax
700 ## - ADDED ENTRY--PERSONAL NAME
Personal name Kam, Tai-Yung
773 ## - HOST ITEM ENTRY
Main entry heading Public Finance
908 ## - PUT COMMAND PARAMETER (RLIN)
Put command parameter N
909 ## -
-- 80401
Holdings
Withdrawn status Lost status Damaged status Not for loan Permanent Location Current Location Date acquired Serial Enumeration / chronology Barcode Date last seen Price effective from Koha item type
        Indian Institute of Public Administration Indian Institute of Public Administration 2018-07-19 Volume no: 55, Issue no: 1-2 AR80861 2018-07-19 2018-07-19 Articles

Powered by Koha